[Event "Autumn Cup Swiss"]
[Site "Wellington Chess Club"]
[Date "2023.06.08"]
[Round "4.7"]
[White "Symon, Christopher"]
[Black "Ulm, Joy"]
[Result "0-1"]
[WhiteElo "1855"]
[BlackElo "1631"]
[WhiteFideId "0"]
[BlackFideId "4321081"]
[PlyCount "0"]
[EventDate "2023.05.18"]
[SourceDate ""]

1. Nf3 d5 2. d4 Nf6 3. g3 e6 4. Bg2 Bd6 5. O-O O-O 6. Re1 c5 7. c3 Nc6 8. Bg5
h6 9. Bxf6 Qxf6 10. e4 dxe4 11. Rxe4 b6 12. d5 exd5 13. Qxd5 Bc7 14. Ne5 Bxe5
15. Rxe5 Rd8 16. Qxd8+ Qxd8 17. Bxc6 Qd1+ 18. Kg2 Rb8 19. Bf3 Bb7 20. Bxb7 Rxb7
0-1

[Event "Autumn Cup Swiss"]
[Site "Wellington Chess Club"]
[Date "2023.06.08"]
[Round "4.8"]
[White "Shepherd, Blake"]
[Black "Stoeveken, Ben"]
[Result "1-0"]
[WhiteElo "1566"]
[BlackElo "1300"]
[WhiteFideId "0"]
[BlackFideId "0"]
[PlyCount "0"]
[EventDate "2023.05.18"]
[SourceDate ""]

1. d4 Nf6 2. c4 e6 3. g3 d5 4. Bg2 Nc6 5. Nc3 Bb4 6. Nf3 O-O 7. O-O Bxc3 8.
bxc3 Re8 9. Re1 e5 10. dxe5 Nxe5 11. Nxe5 Rxe5 12. cxd5 Bf5 13. Bf4 Re7 14. Rc1
Rd7 15. e4 Bg4 16. Qb3 b6 17. c4 Nh5 18. Bd2 c5 19. h3 Be6 20. g4 Nf6 21. Bg5
Bxg4 22. hxg4 h6 23. Bxf6 Qxf6 24. e5 Qg5 25. Qg3 Qd2 26. Qe3 Qxa2 27. e6 Re7
28. exf7+ Rxf7 29. d6 Rff8 30. Bd5+ 1-0

[Event "Autumn Cup Swiss"]
[Site "Wellington Chess Club"]
[Date "2023.06.08"]
[Round "4.9"]
[White "Osborne, Geoff"]
[Black "Aldridge, Alan"]
[Result "0-1"]
[WhiteElo "1464"]
[BlackElo "1795"]
[WhiteFideId "4311485"]
[BlackFideId "4301528"]
[PlyCount "0"]
[EventDate "2023.05.18"]
[SourceDate ""]

1. e4 e5 2. Nf3 Nc6 3. d4 exd4 4. Bc4 Nf6 5. e5 d5 6. Bb5 Ne4 7. Nxd4 Bd7 8.
Nxc6 bxc6 9. Bd3 Nc5 10. O-O Nxd3 11. Qxd3 Bc5 12. Nd2 O-O 13. Nf3 f6 14. Be3
Bb6 15. b4 Bg4 16. Bf4 Bxf3 17. Qxf3 fxe5 18. g3 exf4 19. g4 a6 20. Rad1 Qf6
21. Rd3 Rfe8 22. Kg2 Re4 23. c3 Rae8 24. c4 Rxc4 25. Qd1 Rd4 26. Rxd4 Qxd4 27.
Qc2 f3+ 28. Kg1 Qxg4+ 0-1

[Event "Autumn Cup Swiss"]
[Site "Wellington Chess Club"]
[Date "2023.06.08"]
[Round "4.10"]
[White "Saglam, Azra Sena"]
[Black "Brockway, Andrew"]
[Result "1/2-1/2"]
[WhiteElo "1299"]
[BlackElo "1648"]
[WhiteFideId "4320956"]
[BlackFideId "4301340"]
[PlyCount "0"]
[EventDate "2023.05.18"]
[SourceDate ""]

1. c4 e5 2. Nc3 Nc6 3. g3 f5 4. d3 Nf6 5. Bg2 Bb4 6. Bd2 O-O 7. a3 Bxc3 8. Bxc3
d6 9. Qd2 Qe8 10. O-O-O Be6 11. Nf3 h6 12. Qc2 Bf7 13. h3 d5 14. Nd2 d4 15.
Bxc6 Qxc6 16. Bb4 Rfe8 17. a4 a6 18. Nf3 Rad8 19. Nh4 Qe6 20. Rhe1 e4 21. Ng2
Qc6 22. Nh4 {(=)} 22... Re5 23. f4 exf3 24. exf3 Rxe1 {(=)} 1/2-1/2

[Event "Autumn Cup Swiss"]
[Site "Wellington Chess Club"]
[Date "2023.06.08"]
[Round "4.11"]
[White "Scott, Callum"]
[Black "Farrington, Lawrence"]
[Result "1-0"]
[WhiteElo "1577"]
[BlackElo "1518"]
[WhiteFideId "0"]
[BlackFideId "4301749"]
[PlyCount "0"]
[EventDate "2023.05.18"]
[SourceDate ""]

1. d4 Nf6 2. c4 e6 3. Nc3 Bb4 4. Qc2 b6 5. Bg5 d6 6. Qa4+ Bd7 7. Qxb4 a5 8. Qb3
Nc6 9. Nf3 h6 10. Bxf6 Qxf6 11. e3 O-O 12. Bd3 e5 13. O-O exd4 14. exd4 Bg4 15.
Be4 Bxf3 16. Bxf3 1-0

[Event "Autumn Cup Swiss"]
[Site "Wellington Chess Club"]
[Date "2023.06.08"]
[Round "4.12"]
[White "Tan, Jin"]
[Black "Hurndell, Robert"]
[Result "0-1"]
[WhiteElo "1039"]
[BlackElo "1727"]
[WhiteFideId "4320872"]
[BlackFideId "4310233"]
[PlyCount "0"]
[EventDate "2023.05.18"]
[SourceDate ""]

1. e4 c5 2. Nf3 d6 3. Bb5+ Bd7 4. Bxd7+ Nxd7 5. d4 cxd4 6. Nxd4 Ngf6 7. Nc3 g6
8. O-O Bg7 9. Be3 O-O 10. Qd2 Ne5 11. f4 Nc4 12. Qe2 Nxe3 13. Qxe3 Ng4 14. Qd3
Qb6 15. Rfd1 e5 16. fxe5 dxe5 17. Qb5 exd4 18. Qxb6 axb6 19. Nd5 Ra6 20. Nc7
Ra5 21. Nd5 Ne3 22. Nxe3 dxe3 23. c3 Re8 24. Rd7 Rxe4 25. a3 Rb5 26. Rd8+ Bf8
27. b4 Rf5 28. Rf1 Rxf1+ 29. Kxf1 e2+ 30. Ke1 Re3 31. Rc8 Kg7 32. Rb8 Bd6 33.
Rxb7 Be5 0-1

[Event "Autumn Cup Swiss"]
[Site "Wellington Chess Club"]
[Date "2023.06.08"]
[Round "4.13"]
[White "Maling, Ari"]
[Black "Qu, Lucas"]
[Result "0-1"]
[WhiteElo "1200"]
[BlackElo "1433"]
[WhiteFideId "0"]
[BlackFideId "4314620"]
[PlyCount "0"]
[EventDate "2023.05.18"]
[SourceDate ""]

1. d4 e5 2. c4 exd4 3. Qxd4 Nc6 4. Qd1 Bc5 5. Nf3 Nf6 6. Nc3 Ng4 7. e3 d6 8. h3
Nf6 9. Nd5 Nxd5 10. cxd5 Nb4 11. a3 Na6 12. b4 Bb6 13. Bb2 O-O 14. e4 Re8 15.
Qc2 Bf5 16. Nd2 Bxe4 17. Nxe4 f5 18. Bd3 fxe4 19. Bxe4 Qh4 20. g4 Rxe4+ 21.
Qxe4 Qxf2+ 22. Kd1 Qxb2 23. Qe6+ Kh8 24. Rc1 Qxa3 25. Re1 Qd3# 0-1

[Event "Autumn Cup Swiss"]
[Site "Wellington Chess Club"]
[Date "2023.06.08"]
[Round "4.14"]
[White "Ulm, Eric"]
[Black "He, Zachary"]
[Result "1-0"]
[WhiteElo "1424"]
[BlackElo "1069"]
[WhiteFideId "0"]
[BlackFideId "4320905"]
[PlyCount "0"]
[EventDate "2023.05.18"]
[SourceDate ""]

1. e4 e6 2. d4 d5 3. Nc3 Nf6 4. e5 Nfd7 5. f4 c5 6. Nf3 Nc6 7. Be2 cxd4 8. Nxd4
Nxd4 9. Qxd4 Bc5 10. Qd3 O-O 11. Be3 Bxe3 12. Qxe3 Nb6 13. Qh3 Qe7 14. Bd3 g6
15. O-O Qc5+ 16. Kh1 Qb4 17. Rab1 Qd4 18. Nb5 Qa4 19. a3 Bd7 20. Nd6 Bc6 21.
Rf3 d4 22. Rg3 Nd5 23. Ne4 f5 24. Ng5 h5 25. Nxe6 Rfc8 26. Rxg6+ Kf7 27. Qxf5+
1-0

[Event "Autumn Cup Swiss"]
[Site "Wellington Chess Club"]
[Date "2023.06.08"]
[Round "4.15"]
[White "Hupert, Leo"]
[Black "Madamba, Keith"]
[Result "0-1"]
[WhiteElo "1373"]
[BlackElo "1200"]
[WhiteFideId "0"]
[BlackFideId "0"]
[PlyCount "0"]
[EventDate "2023.05.18"]
[SourceDate ""]

1. e4 c5 2. Nf3 Nc6 3. c3 e5 4. Bc4 Be7 5. d3 Nf6 6. h3 O-O 7. Bg5 Ne8 8. Be3
Nc7 9. d4 b5 10. Bb3 c4 11. Bc2 d5 12. dxe5 Be6 13. b3 f6 14. exf6 Bxf6 15. Bc5
Re8 16. Bd4 Bxd4 17. cxd4 dxe4 18. Bxe4 cxb3 19. axb3 Bd5 20. Ne5 Bxe4 21. O-O
Nxe5 22. dxe5 Qxd1 23. Rxd1 Bc2 24. Rd7 Ne6 25. Nd2 a5 26. Rc1 Nc5 27. Rd5 Nd3
28. Rxc2 Nb4 29. Rxb5 Nxc2 30. Nc4 Nd4 31. Rb6 Reb8 32. f4 Rxb6 33. Nxb6 Rb8
34. Nc4 Nxb3 35. Nd6 a4 36. e6 Kf8 37. Nf5 Rb7 38. Ne3 a3 39. Nc2 a2 40. f5 Rc7
41. Na1 Rc1+ 42. Kf2 Rxa1 43. g4 Rc1 44. Kg3 a1=Q 45. Kh4 Rg1 46. e7+ Kxe7 47.
f6+ Qxf6+ 48. g5 Qxg5# 0-1

[Event "Autumn Cup Swiss"]
[Site "Wellington Chess Club"]
[Date "2023.06.08"]
[Round "4.16"]
[White "Hill, Ethan"]
[Black "Hampshire, Thomas"]
[Result "0-1"]
[WhiteElo "1252"]
[BlackElo "1566"]
[WhiteFideId "4321120"]
[BlackFideId "0"]
[PlyCount "0"]
[EventDate "2023.05.18"]
[SourceDate ""]

1. d4 Nf6 2. Bf4 c5 3. d5 d6 4. c4 e5 5. Bg3 g6 6. Nc3 Bg7 7. e4 O-O 8. h3 Qa5
9. Qd2 a6 10. Nf3 Bd7 11. Be2 b5 12. Bh4 b4 13. Nd1 Nxe4 14. Qe3 f5 15. O-O Qb6
16. Bd3 Nf6 17. Nh2 a5 18. f4 e4 19. Bc2 Nxd5 20. Qd2 Bd4+ 21. Bf2 Nf6 22. Bxd4
cxd4 23. Kh1 Nh5 24. Qf2 e3 25. Nxe3 dxe3 26. Qf3 0-1

[Event "Autumn Cup Swiss"]
[Site "Wellington Chess Club"]
[Date "2023.06.08"]
[Round "4.17"]
[White "He, Jacob"]
[Black "Askew, Felix"]
[Result "1-0"]
[WhiteElo "857"]
[BlackElo "1000"]
[WhiteFideId "0"]
[BlackFideId "0"]
[PlyCount "0"]
[EventDate "2023.05.18"]
[SourceDate ""]

1. e4 e5 2. Nf3 Nc6 3. Bc4 Nd4 4. c3 b5 5. cxd4 bxc4 6. Nxe5 Ba6 7. d3 d6 8.
Nxc4 Nf6 9. Nc3 d5 10. exd5 Bb4 11. Qf3 Bxc3+ 12. bxc3 Nxd5 13. Ne5 O-O 14. Ba3
Ne7 15. O-O-O Re8 16. Qxf7+ Kh8 17. c4 Qxd4 18. Rhe1 Bb7 19. Re3 c5 20. Ng6+
hxg6 21. Rh3+ 1-0

[Event "Autumn Cup Swiss"]
[Site "Wellington Chess Club"]
[Date "2023.06.08"]
[Round "4.18"]
[White "Hill, Matthew"]
[Black "van Laanen, Bas"]
[Result "1-0"]
[WhiteElo "1200"]
[BlackElo "1200"]
[WhiteFideId "0"]
[BlackFideId "0"]
[PlyCount "0"]
[EventDate "2023.05.18"]
[SourceDate ""]

1. c4 e5 2. e4 Bc5 3. Nf3 Nc6 4. Nc3 d6 5. a3 Nf6 6. d3 O-O 7. Bg5 h6 8. Bh4
Bd4 9. h3 g5 10. Bg3 Be6 11. h4 g4 12. Qd2 Kh7 13. Nxd4 Nxd4 14. Qd1 Nh5 15.
Ne2 Nxe2 16. Bxe2 Qf6 17. O-O Rg8 18. Kh2 Nf4 19. Bxf4 Qxf4+ 20. g3 Qf6 21. f3
h5 22. fxg4 Qe7 23. g5 Bg4 24. Bxg4 hxg4 25. Qxg4 Rg7 26. Qf5+ Kg8 27. g4 Rf8
28. Kg3 a5 29. Rad1 c5 30. Qf2 f6 31. gxf6 Rxg4+ 32. Kxg4 Qe6+ 33. Qf5 Rxf6 34.
Qxe6+ Rxe6 35. Kh3 Kg7 36. Rf5 Rg6 37. Rg5 Rxg5 38. hxg5 1-0

[Event "Autumn Cup Swiss"]
[Site "Wellington Chess Club"]
[Date "2023.06.08"]
[Round "4.19"]
[White "Fairbrother, Rebecca"]
[Black "Chaturvedi, Vivaan"]
[Result "0-1"]
[WhiteElo "959"]
[BlackElo "1243"]
[WhiteFideId "0"]
[BlackFideId "0"]
[PlyCount "0"]
[EventDate "2023.05.18"]
[SourceDate ""]

1. e4 e5 2. Nf3 Nc6 3. Bc4 Bc5 4. O-O Nf6 5. Ng5 O-O 6. d3 d5 7. exd5 Nxd5 8.
Qf3 Nf6 9. Bd2 Bb6 10. a3 Bg4 11. Qg3 Nd4 12. Bb4 Ne2+ 13. Kh1 Nxg3+ 14. Kg1
Nxf1 15. Kxf1 c5 16. Bxf7+ Rxf7 17. Nxf7 Kxf7 18. Bd2 e4 19. dxe4 Nxe4 20. Bf4
Qd1# 0-1

[Event "Autumn Cup Swiss"]
[Site "Wellington Chess Club"]
[Date "2023.06.08"]
[Round "4.20"]
[White "Ravi, Vrajesh"]
[Black "Asher, Bruce"]
[Result "0-1"]
[WhiteElo "1300"]
[BlackElo "1068"]
[WhiteFideId "0"]
[BlackFideId "0"]
[PlyCount "0"]
[EventDate "2023.05.18"]
[SourceDate ""]

1. e4 e5 2. Nf3 Nc6 3. d4 exd4 4. Bc4 Qe7 5. Ng5 f6 6. Nf7 Qb4+ 7. c3 Qxc4 8.
Nxh8 g6 9. cxd4 Nxd4 10. Na3 Bb4+ 11. Bd2 Bxd2+ 12. Qxd2 Qc5 13. b4 Qe5 14. f3
Nxf3+ 15. gxf3 Qxa1+ 16. Qd1 Qc3+ 17. Qd2 Qxa3 18. Rg1 d6 19. Qd5 Qe3+ 20. Kf1
Bh3+ 21. Rg2 O-O-O 0-1

[Event "Autumn Cup Swiss"]
[Site "Wellington Chess Club"]
[Date "2023.06.15"]
[Round "5.1"]
[White "Shepherd, Blake"]
[Black "Loke, Kayden"]
[Result "0-1"]
[WhiteElo "1566"]
[BlackElo "1964"]
[WhiteFideId "0"]
[BlackFideId "4313186"]
[PlyCount "0"]
[EventDate "2023.05.18"]
[SourceDate ""]

1. d4 c5 2. d5 e5 3. dxe6 fxe6 4. e4 Nc6 5. Nf3 d5 6. e5 Nge7 7. c3 a6 8. Bd3
g6 9. O-O Bg7 10. Re1 O-O 11. Bg5 Qc7 12. Qe2 Bd7 13. Qe3 b6 14. Bh6 Nf5 15.
Bxf5 Rxf5 16. Bxg7 Kxg7 17. g4 Rf7 18. Ng5 Re7 19. f4 h6 20. Nh3 Rd8 21. Rf1
Rf7 22. Nd2 Ne7 23. Rf3 Bc6 24. Rg3 d4 25. Qe2 dxc3 26. bxc3 b5 27. Rf1 c4 28.
Ne4 Qb6+ 29. Qe3 Qxe3+ 30. Rxe3 Bxe4 31. Rxe4 Rd3 32. Kg2 Nd5 33. Rf3 Rxf3 34.
Kxf3 Nxc3 35. Rd4 Nxa2 36. Rd6 c3 37. Rc6 b4 38. Nf2 b3 39. Nd3 a5 40. Rb6 Nb4
41. Nc5 b2 42. Nxe6+ Kh7 43. Nd8 Rxf4+ 44. Kxf4 Nd5+ 45. Kg3 Nxb6 46. e6 0-1

[Event "Autumn Cup Swiss"]
[Site "Wellington Chess Club"]
[Date "2023.06.15"]
[Round "5.2"]
[White "Sova, Leo"]
[Black "Tanoi, Edward"]
[Result "0-1"]
[WhiteElo "1420"]
[BlackElo "1984"]
[WhiteFideId "39909204"]
[BlackFideId "4302087"]
[PlyCount "0"]
[EventDate "2023.05.18"]
[SourceDate ""]

1. e4 c5 2. c3 Nc6 3. d4 cxd4 4. cxd4 d6 5. Nc3 a6 6. Nf3 e6 7. Be2 Be7 8. O-O
Nf6 9. Bf4 O-O 10. Rc1 Bd7 11. a3 Rc8 12. b4 Na7 13. Re1 Rxc3 14. Rxc3 Nxe4 15.
Rc1 d5 16. Bd3 f5 17. Bc7 Qe8 18. Bb6 Nb5 19. Qb3 g5 20. Ne5 Bc6 21. f3 Ned6
22. Nxc6 bxc6 23. Rxe6 Rf6 24. Re5 Nf7 25. Re2 Qb8 26. Bc5 Bxc5 27. bxc5 Qf4
28. Qb2 Nxd4 29. Re8+ Kg7 30. Bxa6 Ne5 31. Be2 Qxc1+ 32. Qxc1 Nxe2+ 33. Kf2
Nxc1 0-1

[Event "Autumn Cup Swiss"]
[Site "Wellington Chess Club"]
[Date "2023.06.15"]
[Round "5.3"]
[White "Hall, Nathan"]
[Black "Pollock, Gavin"]
[Result "1-0"]
[WhiteElo "1922"]
[BlackElo "1200"]
[WhiteFideId "4306821"]
[BlackFideId "0"]
[PlyCount "0"]
[EventDate "2023.05.18"]
[SourceDate ""]

1. d4 Nf6 2. Bf4 d6 3. Nd2 b6 4. e4 Nbd7 5. Ngf3 c5 6. c3 g6 7. Bc4 Bg7 8.
Bxf7+ Kxf7 9. Ng5+ Kg8 10. Qb3+ d5 11. exd5 Bb7 12. c4 cxd4 13. Qh3 Nc5 14. b4
Nd3+ 15. Qxd3 Nh5 16. Bg3 Bc8 17. O-O Bf5 18. Nde4 Nf6 19. Rad1 h6 20. Nxf6+
Bxf6 21. Ne4 Kg7 22. f3 h5 23. Bf2 Qc7 24. Bxd4 h4 25. Bxf6+ exf6 26. Qd4 Raf8
27. c5 bxc5 28. bxc5 Rh5 29. Rd2 Qa5 30. Rb2 Qa6 31. Rfb1 h3 32. g3 g5 33. g4
Bxe4 34. Qxe4 Rhh8 35. Rb7+ Kh6 36. Qe7 Rfg8 37. R1b6 Qxa2 38. Rxf6+ Rg6 39.
Qg7# 1-0

[Event "Autumn Cup Swiss"]
[Site "Wellington Chess Club"]
[Date "2023.06.15"]
[Round "5.4"]
[White "Chang, Luke"]
[Black "Keith, Matthew"]
[Result "0-1"]
[WhiteElo "1100"]
[BlackElo "1796"]
[WhiteFideId "0"]
[BlackFideId "4320913"]
[PlyCount "0"]
[EventDate "2023.05.18"]
[SourceDate ""]

1. e4 e5 2. Nf3 Nf6 3. Nxe5 d6 4. Nf3 Nxe4 5. d4 d5 6. Bd3 Bf5 7. O-O Bd6 8. c4
c6 9. Qb3 O-O 10. Nc3 dxc4 11. Bxc4 b5 12. Bd3 Ng3 13. Bxf5 Nxf5 14. d5 a6 15.
Rd1 c5 16. Ne4 Re8 17. Nxd6 Nxd6 18. Bf4 Qf6 19. Be3 Nd7 20. Rac1 Rac8 21. a3
Nc4 22. Qc3 Qd6 23. b3 Nxe3 24. fxe3 Nf6 25. b4 Ne4 26. Qc2 c4 27. Rd4 f5 28.
Nd2 Re5 29. Nxe4 fxe4 30. Rcd1 Rf8 31. Rxe4 Rxd5 32. Rxd5 Qxd5 33. Rd4 Qe5 34.
Qc3 Re8 35. e4 h6 36. a4 Kh7 37. axb5 axb5 38. h3 Rd8 39. Rd3 Qxc3 40. Rxc3 Rd4
41. Re3 Kg6 42. Kf2 Kf6 43. Rf3+ Ke5 44. Rf5+ Kxe4 45. Rxb5 Kd3 46. Re5 c3 47.
Re3+ Kd2 48. Re2+ Kc1 49. Ke3 Rd8 50. b5 c2 51. b6 Kb1 0-1

[Event "Autumn Cup Swiss"]
[Site "Wellington Chess Club"]
[Date "2023.06.15"]
[Round "5.5"]
[White "Sethuramalingam, Karthik"]
[Black "Ulm, Joy"]
[Result "1-0"]
[WhiteElo "1361"]
[BlackElo "1631"]
[WhiteFideId "4320964"]
[BlackFideId "4321081"]
[PlyCount "0"]
[EventDate "2023.05.18"]
[SourceDate ""]

1. d4 Nf6 2. c4 e6 3. Nc3 Bb4 4. Nf3 O-O 5. Bg5 d5 6. e3 c6 $6 { I was confused
about this move; I thought this was better for white. } 7. a3 Bxc3+ 8. bxc3 Qa5
{ Tbh I completely missed this move. } 9. Qb3 Ne4 10. Be7 $5 Re8 11. Bb4 { I
was a bit scared of my bishop getting trapped. } 11... Qc7 12. a4 { Clearing a
square for my bishop } 12... a5 13. Ba3 Nd7 14. Bd3 Ndf6 15. Ne5 { Strong
knight in the center. } 15... Nd7 { I was debating whether to take or not and
was thinking of some different moves but in the end I decided to take. } 16.
Nxd7 (16. cxd5 Nxe5 (16... exd5 17. Bxe4 dxe4 18. Qxf7+ Kh8 19. Qxe8+ Nf8 20.
Qxf8# { lol I was hoping for this but decided it was easily refutable. } ) 17.
Bxe4 cxd5 18. Bc2)  (16. Bxe4 dxe4 17. Nxd7 Bxd7) 16... Bxd7 17. f3 (17. Bxe4
dxe4) 17... Nf6 18. O-O e5 19. Rae1 { Supporting the pawn. }  (19. Bc5 { I was
considering this but for some reason I didn't play it. } ) 19... Be6 { Stopping
all Qxf7 ideas. } 20. e4 Rad8 21. cxd5 { Apparently an inaccuracy. } 21... cxd5
22. exd5 Nxd5 23. c4 Nf4 { I was really scared after this move because I
thought I was somehow losing a piece but I'm fine. } 24. d5 Nxd3 25. Qxd3 Qd7 {
Targeting the a4 pawn; I thought this move was a bit dubious} 26. Rxe5 { I
thought for a while and decided to call the bluff. } 26... Qxa4 27. Qc3 {
Preparing for an attack. I was very nervous because I thought I was winning.}
27... Bd7 28. Rg5 f6 29. Qxf6 1-0

[Event "Autumn Cup Swiss"]
[Site "Wellington Chess Club"]
[Date "2023.06.15"]
[Round "5.6"]
[White "Aldridge, Alan"]
[Black "Ashe, Michael"]
[Result "1-0"]
[WhiteElo "1795"]
[BlackElo "1774"]
[WhiteFideId "4301528"]
[BlackFideId "4310462"]
[PlyCount "0"]
[EventDate "2023.05.18"]
[SourceDate ""]

1. d4 Nf6 2. c4 e6 3. Nf3 Bb4+ 4. Bd2 Be7 5. Nc3 O-O 6. g3 d5 7. cxd5 exd5 8.
Bg2 c6 9. O-O Bf5 10. a3 h6 11. b4 a6 12. Rc1 Nbd7 13. Qb3 Nb6 14. Rfd1 Nc4 15.
Be1 Bd6 16. Nd2 b5 17. Nxc4 bxc4 18. Qa2 Re8 19. f3 Bc7 20. Bf2 Qd7 21. Re1 a5
22. Qb2 Rab8 23. e4 axb4 24. axb4 Bh7 25. Ra1 Qe7 26. Ra7 Rxb4 27. Qa2 Rb3 28.
exd5 Qd8 29. Rxe8+ Nxe8 30. Ra8 Qe7 31. Qd2 Bd3 32. Bh3 Kh7 33. dxc6 Nf6 34.
Ra7 Qd6 35. Be3 Qxc6 36. Bg2 Bb6 37. Rxf7 Qd6 38. Bf1 Bxd4 39. Bxd3+ Kg8 40.
Bxc4 Bxe3+ 41. Qxe3 Rb1+ 42. Nxb1 Qd1+ 43. Kf2 Qc2+ 44. Qe2 Qxe2+ 45. Kxe2 1-0

[Event "Autumn Cup Swiss"]
[Site "Wellington Chess Club"]
[Date "2023.06.15"]
[Round "5.7"]
[White "Moses, Christopher"]
[Black "Katkodia, Ali"]
[Result "1-0"]
[WhiteElo "1500"]
[BlackElo "1835"]
[WhiteFideId "0"]
[BlackFideId "4321057"]
[PlyCount "0"]
[EventDate "2023.05.18"]
[SourceDate ""]

1. e4 d6 2. d4 Nf6 3. Nc3 g6 4. f4 Bg7 5. Nf3 c6 6. Bd3 Nbd7 7. e5 dxe5 8. fxe5
Nd5 9. O-O f6 10. Nxd5 cxd5 11. e6 Nf8 12. Bb5+ Nd7 13. c3 a6 14. exd7+ Bxd7
15. Bxd7+ Qxd7 16. Bf4 h5 17. Qd3 Qg4 18. Bg3 O-O-O 19. Nh4 Rh6 20. Rae1 Kd7
21. Rf4 Qxf4 22. Bxf4 g5 1-0

[Event "Autumn Cup Swiss"]
[Site "Wellington Chess Club"]
[Date "2023.06.15"]
[Round "5.8"]
[White "Stoeveken, Peter"]
[Black "Saglam, Azra Sena"]
[Result "0-1"]
[WhiteElo "1774"]
[BlackElo "1299"]
[WhiteFideId "4304098"]
[BlackFideId "4320956"]
[PlyCount "0"]
[EventDate "2023.05.18"]
[SourceDate ""]

1. e4 c5 2. Nf3 e6 3. d4 cxd4 4. Nxd4 Nc6 5. c3 Be7 6. Bd3 Nf6 7. O-O O-O 8.
Nd2 d6 9. f4 Qc7 10. N2f3 a6 11. Qe1 b6 12. Qg3 Bb7 13. e5 dxe5 14. fxe5 Nh5
15. Qe1 g6 16. Bh6 Ng7 17. Qg3 Rfd8 18. Rae1 Bc5 19. Be3 Rd7 20. Bb1 Rad8 21.
Rd1 a5 22. Kh1 Ba6 23. Rfe1 Nxd4 24. cxd4 Bb4 25. Bd2 Nf5 26. Bxf5 Bxd2 27.
Rxd2 exf5 28. Qf2 Rd5 29. Rc2 Qe7 30. Rec1 Bd3 31. Rc7 R5d7 32. Rc8 Kg7 33.
Rxd8 Qxd8 34. Rd1 Be4 35. Qd2 Bd5 36. a3 Rc7 37. Rc1 Rxc1+ 38. Qxc1 Bxf3 39.
gxf3 Qxd4 40. f4 Qc5 41. Qd2 Qc6+ 42. Kg1 h6 43. h4 f6 44. Qd8 Qe6 45. Qc7+ Kf8
46. Qd8+ Kf7 47. Qc7+ Qe7 48. Qxb6 fxe5 49. Qxa5 exf4 50. Qd5+ Qe6 51. Qd4 Qe3+
52. Qxe3 fxe3 53. b4 Ke6 54. a4 Kd6 55. b5 Kc5 56. Kg2 g5 57. Kf3 f4 58. h5 g4+
59. Ke2 Kb6 60. Kf1 f3 61. Kg1 g3 62. Kf1 g2+ 63. Kg1 e2 0-1

[Event "Autumn Cup Swiss"]
[Site "Wellington Chess Club"]
[Date "2023.06.15"]
[Round "5.9"]
[White "Brockway, Andrew"]
[Black "Chaturvedi, Vivaan"]
[Result "1-0"]
[WhiteElo "1648"]
[BlackElo "1243"]
[WhiteFideId "4301340"]
[BlackFideId "0"]
[PlyCount "0"]
[EventDate "2023.05.18"]
[SourceDate ""]

1. e4 e5 2. Nf3 Nc6 3. d4 exd4 4. Bc4 Bb4+ 5. c3 dxc3 6. bxc3 Bc5 7. Bxf7+ Kxf7
8. Qd5+ Ke8 9. Qxc5 Nf6 10. Bg5 d6 11. Qe3 Kf7 12. O-O Re8 13. Qf4 h6 14. Bxf6
Qxf6 15. Qxf6+ Kxf6 16. Nbd2 Bg4 17. Nd4 Nxd4 18. cxd4 c5 19. f3 Bd7 20. d5 a6
21. Nc4 Bb5 22. Nxd6 Bxf1 23. Nxe8+ Rxe8 24. Kxf1 Ke5 25. Ke2 Kf4 26. g3+ Ke5
27. Ke3 g5 28. Rd1 Rd8 29. f4+ gxf4+ 30. gxf4+ Kd6 31. Rg1 c4 32. Kd4 b5 33.
Rg6+ Ke7 34. Rxa6 1-0

[Event "Autumn Cup Swiss"]
[Site "Wellington Chess Club"]
[Date "2023.06.15"]
[Round "5.10"]
[White "Howe, Alexander"]
[Black "Stoeveken, Ben"]
[Result "0-1"]
[WhiteElo "1552"]
[BlackElo "1300"]
[WhiteFideId "4317386"]
[BlackFideId "0"]
[PlyCount "0"]
[EventDate "2023.05.18"]
[SourceDate ""]

1. e4 e5 2. Nf3 Nc6 3. Bb5 Nf6 4. O-O d6 5. d3 Bg4 6. Nbd2 a6 7. Bxc6+ bxc6 8.
Re1 Be7 9. c3 O-O 10. h3 Bh5 11. Nf1 Rb8 12. Ng3 Qd7 13. Rb1 Bg6 14. Qa4 Rb6
15. Bg5 Nh5 16. Bxe7 Qxe7 17. Nxh5 Bxh5 18. Nd2 d5 19. Nf1 dxe4 20. Ng3 Bg6 21.
dxe4 Rd8 22. b3 h6 23. Rbd1 Rd6 24. Qa5 Rf6 25. c4 Rf4 26. Rd2 h5 27. c5 Rb5
28. Qxa6 Qxc5 29. Rd8+ Kh7 30. Rd2 h4 31. Nf5 Bh5 32. g4 hxg3 33. Nxg3 Qc3 34.
Rf1 Qxd2 35. Qxc6 Rb6 36. Qxc7 Rg6 37. Qxe5 Rxg3+ 38. fxg3 Qe3+ 0-1

[Event "Autumn Cup Swiss"]
[Site "Wellington Chess Club"]
[Date "2023.06.15"]
[Round "5.11"]
[White "Qu, Lucas"]
[Black "Symon, Christopher"]
[Result "0-1"]
[WhiteElo "1433"]
[BlackElo "1855"]
[WhiteFideId "4314620"]
[BlackFideId "0"]
[PlyCount "0"]
[EventDate "2023.05.18"]
[SourceDate ""]

1. e4 c5 2. d4 cxd4 3. c3 dxc3 4. Nxc3 Nc6 5. Bc4 Nf6 6. Nf3 e6 7. Bf4 Bb4 8.
Qc2 d5 9. exd5 exd5 10. O-O-O Bxc3 11. Qxc3 O-O 12. Bg5 Ne4 13. Bxd8 Nxc3 14.
bxc3 dxc4 15. Bc7 Bg4 16. Rd5 Rac8 17. Bg3 Ne7 18. Ra5 a6 19. Ne5 Be6 20. h4
Nd5 21. Kb2 Rfd8 22. h5 f6 23. Nf3 Rc6 24. Nd4 Rb6+ 25. Kc2 Nb4+ 26. cxb4 Rxd4
27. f3 Rc6 28. Re1 b5 29. Ra3 Bf7 30. Bf2 Rd7 31. g4 g6 32. h6 g5 33. Bc5 Bg6+
34. Kc1 Bd3 35. Re8+ Kf7 36. Rf8+ Kg6 37. Ra8 Re6 38. R8xa6 Re1+ 39. Kd2 Re2+
40. Kd1 Rh2 41. Rb6 Bc2+ 42. Kc1 Rd1+ 43. Kb2 Ba4+ 44. Kc3 Rc2# 0-1

[Event "Autumn Cup Swiss"]
[Site "Wellington Chess Club"]
[Date "2023.06.15"]
[Round "5.12"]
[White "Madamba, Keith"]
[Black "Ulm, Eric"]
[Result "1-0"]
[WhiteElo "1200"]
[BlackElo "1424"]
[WhiteFideId "0"]
[BlackFideId "0"]
[PlyCount "0"]
[EventDate "2023.05.18"]
[SourceDate ""]

1. d4 e6 2. Nc3 Nf6 3. Bf4 Bb4 4. a3 Bxc3+ 5. bxc3 Nd5 6. Bd2 O-O 7. e4 Nf6 8.
e5 Nd5 9. c4 Nb6 10. c5 Nd5 11. c4 Ne7 12. Bd3 Nbc6 13. Qh5 Ng6 14. Ne2 Qh4 15.
Bxg6 Qxh5 16. Bxh5 g6 17. Bf3 Kg7 18. O-O Ne7 19. d5 Nf5 20. d6 c6 21. Ng3 Nd4
22. Ra2 b6 23. Ne4 Ba6 24. Rb1 Bxc4 25. Rab2 b5 26. Nf6 a5 27. Nxd7 Rfd8 28.
Nb6 Ra7 29. Nxc4 bxc4 30. Rb7 Raa8 31. Bg5 c3 32. Bxd8 Rxd8 33. Rc1 c2 34. Kf1
g5 35. Be4 Rf8 36. Bxc2 1-0